MARC

LEADER 00000nam0a2200000 4500
001 57816
005 20231031054454.0
035 |a (RuTPU)RU\TPU\book\61040 
090 |a 57816 
100 |a 20031118d1972 km y0rusy50 ca 
101 0 |a rus 
102 |a RU 
105 |a a z 001zy 
200 1 |a Графы кодов, кодирующие и декодирующие устройства  |f Ф. Э. Келлер 
210 |a Ленинград  |c Энергия  |d 1972 
215 |a 97 с.  |c ил. 
225 1 |a Библиотека по автоматике  |v Вып. 467 
320 |a Библиография в конце книги. 
610 1 |a телемеханика 
610 1 |a коды 
610 1 |a графы 
610 1 |a кодирующие устройства 
610 1 |a декодирующие устройства 
610 1 |a кольцевые коды 
675 |a 621.39.01  |v 3 
700 1 |a Келлер  |b Ф. Э.  |g Фелликс Эдуардович 
801 1 |a RU  |b 63413507  |c 20031118  |g PSBO 
801 2 |a RU  |b 63413507  |c 20220824  |g PSBO 
942 |c BK